| 000 | 00605cam a22002411 4500 | ||
|---|---|---|---|
| 001 | sa 68010825 | ||
| 003 | DLC | ||
| 005 | 20260227112556.0 | ||
| 008 | 900129s1964 ii 000 0 tamo | ||
| 010 | _asa 68010825 | ||
| 035 | _a(OCoLC)20970063 | ||
| 040 |
_aDLC _cWaU _dDLC |
||
| 042 | _apremarc | ||
| 050 | 0 | 0 |
_aBL1245.S5 _bR3 |
| 100 | 1 |
_aRajagopalachari, C. _q(Chakravarti), _d1878-1972. |
|
| 245 | 1 | 0 | _aTirumūlar tavamol̲i. |
| 260 | _c[1964] | ||
| 300 |
_a164 p. _c19 cm. |
||
| 500 | _aIn Tamil. | ||
| 630 | 0 | 0 |
_aTirumur̲ai. _pTirumantiram. |
| 650 | 0 | _aŚaivism. | |
| 700 | 1 |
_aComu, _d1921- |
|
| 999 |
_c83576 _d83576 |
||